[Event "VIE-ch U15 Girls"]
[Site "Hanoi"]
[Date "2022.06.15"]
[Round "7"]
[White "Lu, Nguyen Minh Anh"]
[Black "Duong, Thao Nguyen"]
[Result "1/2-1/2"]
[WhiteElo "2124"]
[BlackElo "2102"]
[PlyCount "55"]
[EventDate "2022.06.11"]
[EventType "swiss"]
[EventRounds "9"]
[EventCountry "VIE"]
[SourceTitle "EXT 2023"]
[Source "ChessBase"]
[SourceDate "2022.10.05"]
[SourceVersion "1"]
[SourceVersionDate "2022.10.05"]
[SourceQuality "1"]

1. e4 e5 2. Nf3 Nc6 3. Bc4 h6 4. 0-0 Nf6 5. d3 Bc5 6. Nc3 0-0 7. a3 Nd4 8. Nxd4 Bxd4 9. Nd5 c6 10. Nxf6+ Qxf6 11. c3 Bb6 12. b4 Rd8 13. a4 d5 14. Bb3 dxe4 15. a5 Bc7 16. g3 b6 17. f4 Be6 18. Bxe6 fxe6 19. Qg4 Rxd3 20. fxe5 Qe7 21. Bxh6 Bxe5 22. Bg5 Qd7 23. Bf6 Bxf6 24. Rxf6 Rf8 25. Rxf8+ Kxf8 26. Rf1+ Kg8 27. Qxe4 Rxc3 28. Qf4 1/2-1/2

[Event "VIE-ch U15 Girls"]
[Site "Hanoi"]
[Date "2022.06.13"]
[Round "3"]
[White "Duong, Thao Nguyen"]
[Black "Ngo, Thi Kieu Tho"]
[Result "0-1"]
[WhiteElo "2102"]
[BlackElo "2097"]
[PlyCount "100"]
[EventDate "2022.06.11"]
[EventType "swiss"]
[EventRounds "9"]
[EventCountry "VIE"]
[SourceTitle "EXT 2023"]
[Source "ChessBase"]
[SourceDate "2022.10.05"]
[SourceVersion "1"]
[SourceVersionDate "2022.10.05"]
[SourceQuality "1"]

1. e4 e5 2. Nf3 Nf6 3. Nc3 Bb4 4. d3 Nc6 5. a3 Bxc3+ 6. bxc3 d6 7. h3 h6 8. Be2 0-0 9. 0-0 Be6 10. Bb2 Ne7 11. d4 Nxe4 12. dxe5 dxe5 13. Nxe5 Nd5 14. Qd3 Ng5 15. Bg4 Bxg4 16. Nxg4 Re8 17. Rad1 Nf4 18. Qc4 Ne2+ 19. Kh2 Qe7 20. Rfe1 h5 21. Ne3 Qe5+ 22. Kh1 Nf4 23. Nd5 Qxe1+ 24. Rxe1 Rxe1+ 25. Kh2 Nfe6 26. f4 Re4 27. Qf1 c6 28. Ne7+ Kf8 29. fxg5 Kxe7 30. Qf3 Nxg5 31. Qxh5 Ne6 32. Bc1 Rd8 33. Qf3 Re1 34. Be3 a6 35. Qf2 Rdd1 36. Bd2 Rh1+ 37. Kg3 Rhf1 38. Qb6 Rb1 39. Qa7 Rfd1 40. Be3 f5 41. Bc5+ Kf7 42. Bb4 f4+ 43. Kg4 Rd7 44. Qf2 Rd5 45. Qe2 Rg1 46. Kf3 Rg5 47. Bd6 Rg3+ 48. Ke4 Re3+ 49. Qxe3 fxe3 50. Kxe3 Rxg2 0-1